| 000 | 00725nam a22002177a 4500 | ||
|---|---|---|---|
| 999 |
_c4880 _d4880 |
||
| 003 | AR-CdUCM | ||
| 008 | 190311b ||||| |||| 00| 0 spa d | ||
| 040 |
_aMUNICIPALIDAD PROVINCIAL DEL CUSCO _cBIBLIOTECA MUNICIPAL DEL CUSCO |
||
| 082 |
_23ed. _a869.56 / _bSC31 |
||
| 100 |
_aScorza, Manuel _91669 |
||
| 245 | _aLas imprecaciones / | ||
| 260 |
_aLima : _bFestivales del libro. Colección Centauro, _c1960. |
||
| 300 |
_a102 páginas ; _c20.5 cm. |
||
| 500 | _aDonación de la familia Nieto. | ||
| 650 |
_aPoesía peruana - Siglo XX _914083 |
||
| 650 |
_aPoetas peruanos _91611 |
||
| 650 |
_aPoesía contemporánea peruana _915003 |
||
| 650 |
_aManuel Scorza - Poemas _915004 |
||
| 942 |
_2ddc _cLIBROS |
||
| 945 | _alccs | ||